Eurocode load combinations for steel structures (Record no. 114424)
[ view plain ]
| 000 -LEADER | |
|---|---|
| fixed length control field | 01378cam a22002175a 4500 |
| 001 - CONTROL NUMBER | |
| control field | l156808 |
| 008 - FIXED-LENGTH DATA ELEMENTS--GENERAL INFORMATION | |
| fixed length control field | 170712s2012 xxk f 000 0 eng d |
| 020 ## - INTERNATIONAL STANDARD BOOK NUMBER | |
| International Standard Book Number | 9781850730637 |
| 035 ## - SYSTEM CONTROL NUMBER | |
| System control number | (Sirsi) u156808 |
| 041 0# - LANGUAGE CODE | |
| Language code of text/sound track or separate title | eng |
| 050 04 - LIBRARY OF CONGRESS CALL NUMBER | |
| Classification number | 624.25 $2 18 |
| 110 2# - MAIN ENTRY--CORPORATE NAME | |
| Corporate name or jurisdiction name as entry element | British Constructional Steelwork Association |
| 9 (RLIN) | 1564 |
| 245 00 - TITLE STATEMENT | |
| Title | Eurocode load combinations for steel structures |
| 260 ## - PUBLICATION, DISTRIBUTION, ETC. | |
| Place of publication, distribution, etc. | London |
| Name of publisher, distributor, etc. | BCSA |
| Date of publication, distribution, etc. | 2010 |
| 505 2# - FORMATTED CONTENTS NOTE | |
| Formatted contents note | Introduction -- Abbreviations, definitions and symbols -- combinations of actions -- Multi-storey buildings -- Industrial buildings -- references. |
| 520 ## - SUMMARY, ETC. | |
| Summary, etc. | A design guide which explains the Eurocode load combinations for steel structures based on the recommendations given in BS EN 1990 'Eurocode - Basis of Structural Design' and BS EN 1991 'Eurocode 1 - Actions on Structures'. The design guide is called 'Eurocode Load Combinations for Steel Structures'. The principal aim of this publication is to provide the reader with straightforward guidance on the loading and load combinations for both the serviceability and ultimate limit states for the following building types: Multi-storey buildings-Simple construction, Multi-storey buildings-Continuous construction, Portal frames without cranes, and Portal frames with cranes. |
| 521 ## - TARGET AUDIENCE NOTE | |
| Target audience note | Advanced |
| 651 #4 - SUBJECT ADDED ENTRY--GEOGRAPHIC NAME | |
| Geographic name | United Kingdom |
| Chronological subdivision | |
| 690 ## - LOCAL SUBJECT ADDED ENTRY--TOPICAL TERM (OCLC, RLIN) | |
| Topical term or geographic name as entry element | Building regulations |
| 9 (RLIN) | 6224 |
| 942 ## - ADDED ENTRY ELEMENTS (KOHA) | |
| Suppress in OPAC | 0 |
| Withdrawn status | Lost status | Source of classification or shelving scheme | Damaged status | Not for loan | Home library | Current library | Shelving location | Date acquired | Total Checkouts | Full call number | Barcode | Date last seen | Copy number | Price effective from | Koha item type |
|---|---|---|---|---|---|---|---|---|---|---|---|---|---|---|---|
| Dewey Decimal Classification | London | London | Folio | 17/07/2012 | F624.25 BCSA | 30077445 | 06/08/2019 | 1 | 06/08/2019 | Book |